| 000 | 00839nam a2200253 i 4500 | ||
|---|---|---|---|
| 001 | 10430 | ||
| 003 | ES-MaACL | ||
| 005 | 20251013232544.0 | ||
| 007 | t| | ||
| 008 | 950615s1992 sp |||| |dspa d | ||
| 020 | _a84-7914-073-9 | ||
| 080 | _a86-97"14/19"(082.2) | ||
| 245 | 0 | 0 |
_aEscritoras clarisas españolas _b: antología / _cedición preparada por María Victoria Triviño. |
| 260 |
_aMadrid : _bBiblioteca de Autores Cristianos, _c1992. |
||
| 300 |
_aXX, 459 p. ; _c20 cm. |
||
| 490 | 1 |
_aBiblioteca de autores cristianos ; _v523 |
|
| 500 | _aÍndices. | ||
| 504 | _aBibliografía. | ||
| 650 | 0 | 7 |
_aLiteratura religiosa española _2embne _914659 |
| 700 | 0 |
_aTriviño, María Victoria, _c(O.S.C.) _9111465 |
|
| 830 | 0 | 0 |
_aBiblioteca de autores cristianos _v523 _9178679 |
| 852 |
_aES-MaACL _jJ-510 |
||
| 999 |
_c10430 _d10430 |
||